00522nam a2200193 a 4500001001300000003000900013005001700022008004100039020000900080082002100089100001900110245002000129260003400149300000900183500003500192505005900227650002300286700001900309nice12345678IN_TiNIC20260116011645.0050524s1970 boma grp 000 0 eng  ac1200a909.0491411bKAB aKabir, Humayun aIndian Heritage aBombaybAsia Pub. Housec1970 a142p aincludes index and biblioraphy2 aEssays, Life of Muhammad, Complete Summary of Contents aCivilization-India1 aKabir, Humayun